00927 2200313 4500001002100000005001500021035002500036007000300061008004100064020002200105040001700127082001600144084001800160090002200178090002200200100001900222245005900241250005300300260005300353300004700406500001100453504003300464650002600497650001200523850001200535999002200547990002200569990002200591INLIS00000000003465120191104083148 a0010-031800000000594ta180308s2017 yoia g 1 | ind d a978-602-450-085-6 aYOPDYOGbind04223a651.853 a651.853 Kho A aDEP 651.853 Kho A aCB-D.11 2017-17220 aKHOLID HARYONO10aAplikasi komputer ekonomi dan bisnis /cKholid Haryono aCetakan I, Januari 2017 M / Rabi'ul Akhir 1437 H aYogyakarta :bUniversitas Islam Indonesia,c2017 axiv, 241 halaman :bgambar, tabel ;c24 cm aIndeks aBibliografi: halaman 227-228 4aKomputer dalam bisnis 4aEkonomi aYOPDYOG aCB-D.11/2017-1722 aCB-D.11/2017-1722 aCB-D.11/2017-1722